000 01401nam0a2200349 4500
001 RU\NLR\bibl\1502070
005 20260405093534.0
010 _a978-5-93093-376-6
_9500
021 _aRU
_b2010-16511
_91103
035 _a(nilc)RSL-KNO-004593652
035 _a(NLR Aleph) 001493520
090 _a1775971
_c1775971
100 _a20100312d2009 |||y0rusy50 ca
101 0 _arus
102 _aRU
105 _ay zzzz|||||
200 1 _aМеханика грунтов
_fЗ. Г. Тер-Мартиросян
210 _aМосква
_cМГСУ
_cИзд-во Ассоц. строит. вузов
_d2009
215 _a551 с., [4] л. цв. ил.
_cил., табл.
_d25
225 1 _aБиблиотека научных разработок и проектов МГСУ
320 _aБиблиогр.: с. 541-544
606 1 _aМеханика грунтов
_92085385
_3RU\NLR\auth\661261501
610 0 _aСтроительство -- Строительные конструкции -- Основания -- Механика грунтов
686 _aН581.1,0
_2rubbk
686 _aН581.1
700 1 _4070
_7ca
_8rus
_aТер-Мартиросян
_bЗ. Г.
_f1936-
_gЗавен Григорьевич
_3RU\NLR\AUTH\7734454
_917457
801 0 _aRU
_bРГБ
_c20100312
_grcr
801 1 _aRU
_bРГБ
_c20100312
801 2 _aRU
_bNLR
_c20100420
_grcr
942 _cBOOK
980 _aNB